Vögel Schweiz #4 - Statistiken

Allgemein
  • Dieses Quiz wurde 6 mal gespielt
  • Das Durchschnittsergebnis liegt bei 11 aus 16
Antwortstatistiken
Bildquiz Antwort % Korrekt
Amsel
100%
Buntspecht
100%
Grünfink
100%
Blaumeise
83%
Eisvogel
83%
Elster
83%
Kohlmeise
83%
Star
83%
Weissstorch
83%
Rotmilan
67%
Turmfalke
67%
Bachstelze
50%
Rabenkrähe
50%
Hausrotschwanz
33%
Rotkelchen
33%
Strassentaube
17%
Keine übereinstimmenden Quizze gefunden
Verteilung der Resultate
Anzahl Personen mit jedem Resultat
Perzentil nach korrekt beantworteten Fragen
Ihre Resultats-Entwicklung
Sie haben dieses Quiz noch nicht gespielt